01935nam a22003257a 4500999001700000003000900017008004100026040007100067082002700138110004000165245004500205260003200250300004600282440011400328505071700442650003301159650002301192650003401215700002801249700003001277700003201307700003301339700002701372700002801399700002801427700003001455942001201485945000801497952010401505 c21809d21809AR-CdUCM190425b ||||| |||| 00| 0 spa d aMUNICIPALIDAD PROVINCIAL DEL CUSCOcBIBLIOTECA MUNICIPAL DEL CUSCO aRev.Allp/N°11-12/1978 aInstituto de Pastoral Andina912766 aAllpanchis Phuturinqa :bRevista Anual / aLima :bItal Perú,c1979. a232 páginas. :bilustraciones ;c20 cm. aRevista del Instituto de Pastoral Andina CusconAño [ ], [ ] semestre de 1978, N°11-12. Vol. XI-XII946198 aContenido: Testimonios referentes al movimiento de Tupac Amaru II, 1784-1812. Lorenzo Huertas. -- El sur andino a fines del siglo XVIII cacique o corregidor. Scarlett O´phelan. -- Los indios y la constitución de 1812. Christine Hunefeldt. -- Una rebelión de culíes chinos, Pativilca 1870. Humberto Rodríguez. -- Los movimientos campesinos en la Guerra del Pacifico. Nelson Manrique. -- Movimientos sociales en Cayaltí 1915-1919. Wilfredo Kapsoli. -- Rumi Maqui y la nacionalidad quechua. Manuel Vassallo. -- Movimientos campesinos en la sociedad ganadera del centro 1910-1950. Gerardo Renique. -- El mercado interno y la espontaneidad de los movimiento campesinos Puno 1950-1968. Ricardo Claverias. aMovimientos campesinos97308 aTúpac Amaru9623 aLevantamientos andinos944095 aHuertas, Lorenzo946199 aO'phelan, Scarlett946200 aHunefeldt, Christine946201 aRodríguez, Humberto946202 aManrique, Nelson92258 aKapsoli, Wilfredo95417 aRenique, Gerardo946203 aClaverias, Ricardo946204 2ddccPP arac 002ddc4070aHEMbHEMcCARTd2021-08-13g10.00oRev.Allp/N°11-12/1978pREVC000281r2021-08-13yPP